<?xml version="1.0" encoding="UTF-8"?>
<record
    xmlns:xsi="http://www.w3.org/2001/XMLSchema-instance"
    xsi:schemaLocation="http://www.loc.gov/MARC21/slim http://www.loc.gov/standards/marcxml/schema/MARC21slim.xsd"
    xmlns="http://www.loc.gov/MARC21/slim">

  <leader>01784nam a2200325 i 4500</leader>
  <controlfield tag="001">8103</controlfield>
  <controlfield tag="003">ES-MaACL</controlfield>
  <controlfield tag="005">20250906063032.0</controlfield>
  <controlfield tag="007">t|</controlfield>
  <controlfield tag="008">911214e1989    sp a||||r     0011idspa  </controlfield>
  <datafield tag="017" ind1=" " ind2=" ">
    <subfield code="a">Z 2530-1989 </subfield>
    <subfield code="b">Oficina Dep&#xF3;sito Legal Zaragoza</subfield>
  </datafield>
  <datafield tag="020" ind1=" " ind2=" ">
    <subfield code="a">84-85815-19-X </subfield>
  </datafield>
  <datafield tag="040" ind1=" " ind2=" ">
    <subfield code="a">SpMaBN</subfield>
    <subfield code="b">spa</subfield>
    <subfield code="c">ES-MaACL</subfield>
  </datafield>
  <datafield tag="080" ind1=" " ind2=" ">
    <subfield code="a">929 G&#xF3;mez, Julio Antonio (044.2)</subfield>
  </datafield>
  <datafield tag="100" ind1="1" ind2=" ">
    <subfield code="a">G&#xF3;mez, Julio Antonio,</subfield>
    <subfield code="d">1933-1988</subfield>
    <subfield code="e">aut</subfield>
    <subfield code="9">57779</subfield>
  </datafield>
  <datafield tag="245" ind1="1" ind2="3">
    <subfield code="a">El coraz&#xF3;n desbordado :</subfield>
    <subfield code="b">(epistolario) / </subfield>
    <subfield code="c">Julio Antonio G&#xF3;mez ; edici&#xF3;n de Ant&#xF3;n Castro</subfield>
  </datafield>
  <datafield tag="250" ind1=" " ind2=" ">
    <subfield code="a">1&#xAA; ed.</subfield>
  </datafield>
  <datafield tag="260" ind1=" " ind2=" ">
    <subfield code="a">Zaragoza : </subfield>
    <subfield code="b">Olifante, </subfield>
    <subfield code="c">[1989]</subfield>
  </datafield>
  <datafield tag="300" ind1=" " ind2=" ">
    <subfield code="a">111 p&#xE1;ginas : </subfield>
    <subfield code="b">ilustraciones ; </subfield>
    <subfield code="c">21 cm</subfield>
  </datafield>
  <datafield tag="490" ind1="1" ind2=" ">
    <subfield code="a">Olifante (Serie)</subfield>
  </datafield>
  <datafield tag="520" ind1=" " ind2=" ">
    <subfield code="a">Bajo el t&#xED;tulo "El coraz&#xF3;n desbordado" Ant&#xF3;n Castro prepar&#xF3; la edici&#xF3;n del epistolario de Julio Antonio G&#xF3;mez. Las cartas y postales que se congregan en este volumen est&#xE1;n dirigidas a varios de sus mejores amigos. Ser&#xED;a dif&#xED;cil encontrar un personaje en la historia de la poes&#xED;a aragonesa de este siglo con tanta leyenda a sus espaldas, con tanto perfume de extravagancia, de humor socarr&#xF3;n y porte atrabiliario. Julio Antonio G&#xF3;mez cre&#xF3; la revista "Orejud&#xED;n" y la editorial Javalambre, con la colecci&#xF3;n de poes&#xED;a Fuendetodos. Ha sido, por vocaci&#xF3;n y por destino, un espect&#xE1;culo, hacia afuera, claro, en la intimidad era un ciudadano dolorido, con el coraz&#xF3;n ajado por la soledad</subfield>
  </datafield>
  <datafield tag="600" ind1="1" ind2="0">
    <subfield code="a">G&#xF3;mez, Julio Antonio, </subfield>
    <subfield code="d">1933-1988-</subfield>
    <subfield code="v">Correspondencia</subfield>
    <subfield code="9">242222</subfield>
  </datafield>
  <datafield tag="655" ind1=" " ind2="4">
    <subfield code="a">Cartas</subfield>
    <subfield code="9">235124</subfield>
  </datafield>
  <datafield tag="700" ind1="1" ind2=" ">
    <subfield code="a">Castro, Ant&#xF3;n,</subfield>
    <subfield code="d">1959-</subfield>
    <subfield code="e">pbl</subfield>
    <subfield code="9">36832</subfield>
  </datafield>
  <datafield tag="830" ind1=" " ind2="0">
    <subfield code="a">Olifante (Serie)</subfield>
    <subfield code="9">178046</subfield>
  </datafield>
  <datafield tag="852" ind1="4" ind2=" ">
    <subfield code="a">ES-MaACL</subfield>
    <subfield code="b">R.119941</subfield>
    <subfield code="c">DEPO2</subfield>
    <subfield code="j">L-15541 </subfield>
  </datafield>
  <datafield tag="942" ind1=" " ind2=" ">
    <subfield code="c">MONOGRAFIA</subfield>
    <subfield code="n">0</subfield>
  </datafield>
  <datafield tag="999" ind1=" " ind2=" ">
    <subfield code="c">8103</subfield>
    <subfield code="d">8103</subfield>
  </datafield>
  <datafield tag="952" ind1=" " ind2=" ">
    <subfield code="0">0</subfield>
    <subfield code="1">0</subfield>
    <subfield code="4">0</subfield>
    <subfield code="7">0</subfield>
    <subfield code="a">ATENEOM</subfield>
    <subfield code="b">ATENEOM</subfield>
    <subfield code="c">DEPO2</subfield>
    <subfield code="d">2008-01-17</subfield>
    <subfield code="e">SC</subfield>
    <subfield code="l">0</subfield>
    <subfield code="o">L-15541</subfield>
    <subfield code="p">1008263</subfield>
    <subfield code="r">2023-02-23 00:00:00</subfield>
    <subfield code="w">2023-02-23</subfield>
    <subfield code="y">MONOGRAFIA</subfield>
  </datafield>
</record>
